000 01041nam a2200277 a 4500
001 BRCA_1711
005 20190320203522.0
008 940419s1993 mx-a---##b---#000-0bspa-#
020 _a9682957893
040 _aDLC
_cDLC
041 _aspa
044 _amx
050 4 _aTR140.K34
_b.G8 1993
245 1 0 _aGuillermo Kahlo
_bfotógrafo, 1872-1941 : vida y obra : catálogo ilustrado.
260 _aMéxico
_bCONACULTA : INBA
_c1993
300 _a197 p.
_bil.
_c30 cm.
500 _aCatálogo de la exposición realizada en el Museo Estudio Diego Rivera y en el Museo Nacional de Arquitectura (Ciudad de México), 1993
504 _aBibliografía: p. 193-197
600 1 4 _aKahlo, Guillermo
_vExposiciones
_95349
650 1 4 _aFotografía arquitectónica
_vExposiciones
_zMéxico
_95350
650 1 4 _aFotografía de retratos
_vExposiciones
_zMéxico
_95351
650 1 4 _aFotógrafos
_vBiografía
_zMéxico
_95352
650 1 4 _aMonumentos históricos
_xTrabajos Ilustrados
_zMéxico
_93837
700 1 _aKahlo, Guillermo
_95353
942 _2lcc
_cB
999 _c1501
_d1501